Регионална библиотека "Любен Каравелов" - Русе

Накъде ни насочва доказателството? [DVD] (Запис номер 219154)

MARC детайли
000 -Лидер
Контролно поле с фиксирана дължина 00821ngm a2200265 a 4500
003 - Код на организацията, давaща контролен номер
Контролно поле BLK
005 - Дата и час на последна редакция
Контролно поле 20240528092315.0
008 - Елементи от данни с фиксирана дължина
fixed length control field 180410b bul||n||s|||||||| mzbulo|
010 ## - Наследен системен номер
LC control number CDD00001432000
040 ## - Източник на каталожния запис
Идентификатор на билиотеката - собственик на записа BLK
041 ## - Код за език
Код за езика на текст/звукозапис или на отделно заглавие Български
Код за езика КДБФ Български
139 ## - Редно поле
Редна дума Накъде ни насочва доказателството?
Авторски знак Нак - Н 18
245 10 - Сведения за заглавието
Заглавие Накъде ни насочва доказателството? [DVD]
Подзаглавни данни Разглеждане на научният модел за сътворение
257 ## - Страна на издаване
Страна на създаване/издаване България
260 ## - Област на издателските данни
Година на издаване 2004
300 ## - Физическа характеристика
Страници (60 мин.)
Размери/Мащаб 12 см
380 ## - Жанр
Жанр Изкуство
852 ## - Местоположение
Форматна сигнатура Цб CD 761
Част 0
856 4# - Електронен адрес и достъп
Електронен формат pdf - файл
Път до файла /url/
856 4# - Електронен адрес и достъп
Електронен формат pdf - файл
Път до файла /url/
942 ## - АРТИКУЛИ
Вид на библиотечния материал Компактдискове
Скрит в OPAC Не
Koha issues (borrowed), all copies 2
944 ## - СЪЗДАВАНЕ И РЕДАКЦИЯ на ЗАПИСА
Създаване/Редакция Създаване
Дата на регистрацията/редакция 29.04.2005
Служител, извършил регистрацията/редакцията 30560
Статус, дата на статуса Геновева Генчева
944 ## - СЪЗДАВАНЕ И РЕДАКЦИЯ на ЗАПИСА
Създаване/Редакция Редакция
Дата на регистрацията/редакция 11.08.2005
999 ## - СИСТЕМНИ КОНТРОЛНИ НОМЕРА
Koha biblionumber 219154
Koha biblioitemnumber 219154
999 ## - СИСТЕМНИ КОНТРОЛНИ НОМЕРА
Koha biblioitemnumber 219154
Наличности
Код за отписване Код за изгубен артикул Източник на класификационната схема Код за повреда Коз за рестрикции Код за отдаване Артикулен № Име на библиотеката - собственик Име на библиотеката, в която се намира в момента Статус (Текущо местоположение) Дата на вписване в системата Местоположение - отдел Цена в лева Инвентарен номер Систематично азбучна сигнатура Баркод Номер на екземпляра Цена в евро Служебна бележка Служебен тип на артикула
  Не е изгубен Universal Decimal Classification Не е повреден без рестрикции заемане за дома 390562 Регионална библиотека "Любен Каравелов" Русе Регионална библиотека "Любен Каравелов" Русе Отдел Изкуство - подръчен фонд 2005-04-29 Отдел Изкуство - подръчен фонд 10.00 250000000945 791.229/Н 18 250000000945 1 5.11 Дост: DA Вид: А N: 11 Дата: 29.04.2005 Компактдискове
  Не е изгубен Universal Decimal Classification Не е повреден без рестрикции заемане за дома 390563 Регионална библиотека "Любен Каравелов" Русе Регионална библиотека "Любен Каравелов" Русе Отдел Изкуство - подръчен фонд 2005-08-11 Отдел Изкуство - подръчен фонд 10.00 250000000982 791.229/Н 18 250000000982 2 5.11 Дост: DA Вид: А N: 20 Дата: 11.08.2005 Компактдискове
Vip Innovations Ltd, Rousse, Bulgaria 2025